|
|
|
|
| LEADER |
01132nam a2200253 a 4500 |
| 001 |
GR-MES1559 |
| 008 |
991111s1997 gr 000 1 gre|c |
| 020 |
|
|
|a 9602367520
|
| 040 |
|
|
|a GrPaTEI
|b gre
|c GR-PaULI
|
| 099 |
|
9 |
|a Ξ
|
| 100 |
1 |
|
|a Sagan, Francoise,
|d 1935-2004.
|
| 240 |
1 |
0 |
|a Miroir egare.
|l Ελληνικά
|
| 245 |
1 |
2 |
|a Ο απατηλός καθρέφτης /
|c Φρανσουάζ Σαγκάν ; μετάφραση από τα γαλλικά Αγγέλα Βερυκοκάκη.
|
| 260 |
|
|
|a Αθήνα :
|b Νέα Σύνορα,
|c 1997.
|
| 300 |
|
|
|a 278 σ. ;
|c 20 εκ.
|
| 490 |
0 |
|
|a Ξένη λογοτεχνία
|
| 500 |
|
|
|a Μετάφραση του: Le miroir egare.
|
| 650 |
|
4 |
|a Γαλλική λογοτεχνία
|
| 650 |
|
4 |
|a Μυθιστόρημα
|
| 700 |
1 |
|
|a Βερυκοκάκη-Αρτέμη, Αγγέλα
|e μεταφράστρια.
|
| 942 |
|
|
|2 ddc
|
| 952 |
|
|
|0 0
|1 0
|2 ddc
|4 0
|6 Ξ_SAG
|7 0
|9 265790
|a MSLG
|b MSLG
|c BSC
|d 2021-01-17
|e 24
|f 0
|g 0.00
|l 0
|o Ξ SAG
|p 2420000008829
|r 2021-01-17 00:00:00
|t 1
|w 2021-01-17
|y BK15
|x 19991111 0 ΜΑΤΣΙΩΡΗ 1
|x GrPaTEI
|
| 971 |
|
|
|a .b2572602x
|b 27-04-20
|c 13-09-16
|
| 999 |
|
|
|c 152794
|d 152794
|